000 00835nmm a2200253 a 4500
001 ocm000701490
003 TR-IsHL
005 20201028135121.0
008 131203s1992 tu tur
007 cr cn
035 _a701490
_b(N$T)
050 0 4 _aKKX3648
_b.G86 1992
090 0 4 _aKKX3648
_b.G86 1992
245 1 0 _aGümrük Kanunu
_h[electronic resource] /
_cİstanbul Ticaret Odası
260 _aİstanbul :
_bİstanbul Ticaret Odası,
_c1992
300 _a66 p.
650 4 _aEkonomi ve Finans
650 4 _aEconomics and Finance
650 0 _aGümrük kanunu
650 0 _aCustoms law
650 7 _aPOLITICAL SCIENCE / International Relations / Trade & Tariffs
_2bisacsh
700 1 _aİstanbul Ticaret Odası
856 4 0 _uhttp://search.ebscohost.com/login.aspx?direct=true&scope=site&db=e011xww&AN=701490
999 _c6567
_d6567